000 00643nam a2200229 4500
001 biso0000578087
003 OSt
005 20150212164309.0
007 sd m mpl
008 820101s1977d sp l2 0 pdacd
040 _cBMC
082 _a823
100 1 _931427
_aSamson, Joan
245 1 3 _aEl rematador
_cJoan Samson ; traducción, Lucrecia Moreno de Sáenz
260 0 _aBuenos Aires
_bEmecé
_c1977
300 _a336 p.
_c18 cm
490 _aGrandes novelistas
546 _aTraducción de: The auctioneer
650 2 4 _aNovela inglesa
_911162
700 1 _931186
_aMoreno de Sáenz, Lucrecia
942 _2ddc
_cBK
_hahoj
999 _c18360
_d18360